Simulated evolution and learning : first Asia-Pacific Conference, SEAL'96 Taejon, Korea, November 9-12, 1996 : selected papers
Saved in:
| Corporate Author: | |
|---|---|
| Other Authors: | |
| Format: | Conference Proceeding Book |
| Language: | English |
| Published: |
Berlin :
Springer-Verlag,
1997.
|
| Series: | Lecture notes in computer science. Lecture notes in artificial intelligence ;
; 1285 |
| Subjects: | |
| Tags: |
Add Tag
No Tags, Be the first to tag this record!
|
MARC
| LEADER | 00000cam a2200000 i 4500 | ||
|---|---|---|---|
| 001 | 1/101197 | ||
| 008 | 000208s1997 eng d | ||
| 020 | |a 3-540-63399-5 | ||
| 035 | |l 10057584 | ||
| 040 | |a GR-MY-UA |b gre |e aacr | ||
| 041 | 0 | |a eng | |
| 082 | 0 | |a 003.3 | |
| 111 | 2 | |a SEAL'96 |d (1996 |c : Taejon, Korea) | |
| 245 | 1 | 0 | |a Simulated evolution and learning : |b first Asia-Pacific Conference, SEAL'96 Taejon, Korea, November 9-12, 1996 : selected papers / |c edited by Xin Yao … [κ. ά.]. |
| 260 | |a Berlin : |b Springer-Verlag, |c 1997. | ||
| 300 | |a 234 σ. |b σχ. | ||
| 490 | 1 | |a (Lecture notes in artificial intelligence. Lecture notes in computer science |v ; 1285) | |
| 650 | 0 | 0 | |a Computer simulation |x Congresses. |
| 650 | 0 | 0 | |a Evolutionary programming (Computer science) |x Congresses. |
| 650 | 0 | 0 | |a Artificial intelligence |x Congresses. |
| 700 | 1 | |a Yao, Xin, |e edt | |
| 830 | 0 | |a Lecture notes in computer science. Lecture notes in artificial intelligence ; |v ; 1285 | |
| 852 | |a INST |b LESVOS |e 20000208 |h 003.3 SEA |p 005100021791 |q 005100021791 |t BK |y 0 | ||
| 901 | |a BIBL1-2000-1 | ||
| 909 | |a Λ |b 073385 | ||
| 922 | |a 1ΕΛΗ |b 199912 |c ΚΠΣ/ΤΠ | ||
| 950 | |a 107-1999-12-22 | ||
| 970 | |a ΚΑΜΑΤΣΟΥ |b ΔΕΣΠΟΙΝΑ |z 2000/02/15 | ||